01551nam a22001577a 4500008004100000020001800041050001400059245012500073260004800198300003100246500002000277505104000297700001801337700002101355700001701376180209b xxu||||| |||| 00| 0 eng d a9780199203802 aRG136.O94 aOxford handbook of reproductive medicine and family planning. /cedited by Enda McVeigh, John Guillebaud and Roy Homburg aNew York: bOxford University Press,c2008. axxii, 451p.:bills.;c19cm aIncludes index. aContents: Part 1: Reproductive medicine: Sexual differentiation -- Steroid hormones -- Menarche and adolescent gynaecology -- Ovaries and the menstrual cycle -- Polycystic ovary syndrome -- Hirsutism and virilization -- Amenorrhoea and oligomenorrhoea -- Menopause and hormone replacement therapy -- Initial advice to those concerned about delays in conception -- Defining infertility -- Investigation of fertility problems -- Management strategies for fertility problems -- Male infertility -- Ovulation induction -- Tubal and uterine disorders -- Medical and surgical management of endometriosis -- Intra-uterine insemination -- In vitro fertilization and associated assisted conception techniques -- Part 2: Contraception and family planning: Fertility and fertility awareness -- Male contraception -- Vaginal methods -- The combined oral contraceptive (COC) -- Progestogen-only pill(POP) -- Injectables -- Contraceptive implants -- Intra-uterine contraception -- Postcoital contraception -- Sterilization -- Special considerations. aMcVEIGH, Enda aGUILLEBAUD, John aHOMBURG, Roy